000 01486nam a2200337Ia 4500
001 ebr10054947
003 CaPaEBR
006 m u
007 cr cn|||||||||
008 990804s1999 nyu sb 001 0 eng d
020 _z0203905059
020 _z0815325959
040 _aCaPaEBR
_cCaPaEBR
035 _a(OCoLC)52521666
050 1 4 _aBH301.K5
_bL84 1999eb
100 1 _aLugg, Catherine A.,
_d1963-
245 1 0 _aKitsch
_h[electronic resource] :
_bfrom education to public policy /
_cby Catherine A. Lugg.
260 _aNew York :
_bFalmer Press,
_c1999.
300 _aviii, 130 p.
490 1 _aGarland reference library of social science ;
_vv. 1146.
_aPedagogy and popular culture ;
_vv. 3
504 _aIncludes bibliographical references and index.
533 _aElectronic reproduction.
_bPalo Alto, Calif. :
_cebrary,
_d2009.
_nAvailable via World Wide Web.
_nAccess may be limited to ebrary affiliated libraries.
650 0 _aKitsch
_xPolitical aspects
_zUnited States.
650 0 _aPopular culture
_zUnited States.
651 0 _aUnited States
_xPolitics and government
_y20th century.
655 7 _aElectronic books.
_2local
710 2 _aebrary, Inc.
830 0 _aGarland reference library of social science ;
_vv. 1146.
830 0 _aGarland reference library of social science.
_pPedagogy and popular culture ;
_vv. 3.
856 4 0 _uhttp://site.ebrary.com/lib/rucke/Doc?id=10054947
_zAn electronic book accessible through the World Wide Web; click to view
999 _c63612
_d63612